L’indignit ̌et l’ingratitude en matir̈e successorale

Bibliographic Details
Main Author: Hibade, Laurence
Format: eBook
Published: Pars̕: Éditions Universitaires Europěnes, 2019
Subjects:
Online Access:Acceso restringido

MARC

LEADER 00000nam a22000007a 4500
005 20191003221420.0
007 cr|||| ||||
008 191003s2019 fr |||||s|||| 00||0 fra d
020 |a 9786138461487 
035 |a 29154 
040 |a vLex 
090 |c 9698  |d 9698 
100 1 |a Hibade, Laurence 
245 1 0 |a L’indignit ̌et l’ingratitude en matir̈e successorale  |h [Recurso electrn̤ico] /  |c Laurence Hibade 
256 |a Servicio en ln̕ea 
260 |a Pars̕:  |b Éditions Universitaires Europěnes,  |c 2019 
300 |a 1 recurso electrn̤ico 
500 |a Dans la mythologie grecque, les hřos vertueux got︣aient chez les morts les plaisirs qu’ils avaient recherchš sur la terre; pour la mm̊e raison, les coupables se voyaient frappš de cht́iments qui consistaient en un contraste pňible avec leur vie passě. C’est ainsi que, pour expier l’offense faite ̉Pluton, Thšě, qui avait ť ̌sans cesse errant et voyageur, fut condamn ̌dans les Enfers ̉rester ťernellement assis. Deux sanctions prv̌ues par le droit de la famille pourraient t̊re mises en paralll̈e avec la punition infligě ̉Thšě. Il s’agit de l’indignit ̌successorale et de la rv̌ocation des libřalitš pour cause d’ingratitude. Le dm̌řite du successeur indigne ou ingrat envers son auteur renverse les principes successoraux formulš ̉son profit. L’acte fautif marquera le passage d’une situation juridique ̉son contraire, id est la perte rťroactive d’un avantage comme si le successeur n’y avait jamais eu droit. 
506 1 |a Disponible solo en los productos indicados  |d vLex Global  |d vLex Global (Academic Edition, excluding Law Schools)  |d vLex Global (U.S. Academic Edition, Law Schools)  |d vLex Global (U.S. Academic Edition, excluding Law Schools)  |d vLex Global (Academic Edition, Law Schools) 
650 0 4 |a Derecho Pb︢lico y Administrativo  |z Francia 
740 0 |a vLex Libros (Servicio en ln̕ea) 
856 4 0 |u http://vlex.com/source/29154  |z Acceso restringido 
942 |c BOOK 
999 0 |a Public and Administrative Law